000 00981nmm a2200313 a 4500
001 ocm0002347403
003 TR-IsHL
005 20201028184850.0
008 190518s2019 tu tur
007 cr cn
020 _a9786052813171
035 _a2347403
_b(N$T)
050 0 4 _aNC730
_b.I73 2019
090 0 4 _aNC730
_b.I73 2019
100 1 _aIrak, Medine
245 1 0 _a600 yıllık desen serüveni: ustalara saygı
_h[electronic resource] /
_cMedine Irak
250 _a1. Baskı
260 _aİstanbul :
_bHiperlink Yayınları,
_c2019
300 _a97 p.
500 _aKaynakça var.
650 4 _aGüzel Sanatlar
650 4 _aFine Arts
650 0 _aDesen
_x Çalışma ve öğretim
650 0 _aDrawing
_x Study and teaching
650 0 _aDesen
_x Teknik
650 0 _aDrawing
_xTechnique
650 7 _aART / Techniques / Drawing
_2bisacsh
856 4 0 _uhttp://search.ebscohost.com/login.aspx?direct=true&scope=site&db=e011xww&AN=2347403
999 _c21199
_d21199